000 00791nab a22002417a 4500
001 22473
003 HDC
007 cr bn ---aaaaa
008 210128c20151030my ||||| |||| 00| 0 may d
040 _aHDC
100 _aSamantha Tan Chiew Ting,
_eauthor
_911502
245 0 _aTidak sukar mencari makanan halal di Beijing /
_cSamantha Tan Chiew Ting
336 _atext
_2rdacontent
337 _acomputer
_2rdamedia
338 _aonline resource
_2rdacarrier
650 _aFood
_91783
650 _aMuslim traveller
_95069
710 _aUtusan Malaysia
856 _zRequest full-text at [email protected]
942 _2lcc
942 _cNEWS
942 _kNWSC 006606
999 _c19789
_d19789